| 000 | 00602nam a2200181Ia 4500 | ||
|---|---|---|---|
| 008 | 100917s9999 xx 000 0 und d | ||
| 082 | _b43747 | ||
| 100 | _aशर्मा सुरेश | ||
| 245 | _aटारझन भाग 7 (आवृती 3 री) | ||
| 260 |
_bचित्रशाळा प्रकाशन _c1965 |
||
| 300 | _a218 | ||
| 365 | _b3.5 | ||
| 520 | _aकादंबरी | ||
| 630 | _aटारझन भाग 7 (आवृती 3 री) | ||
| 650 | _aकादंबरी | ||
| 730 | _aटारझन भाग 7 (आवृती 3 री) | ||
| 942 | _cBOOK | ||
| 999 |
_c649141 _d649138 |
||